000 00555nam a2200157 i 4500
001 24836
003 ES-MaACL
007 t|
008 021219s1947 sp ||||1| spa d
100 1 _aAparicio Sánchez, Gumersindo.
_922078
245 1 0 _aZootecnia especial
_b: etnología compendiada /
_cdescripción y estudio de razas nacionales y extranjeras... por Gumersindo Aparicio Sánchez.
250 _a2ª ed. aum.
260 _a[Córdoba :
_bs.n.,
_c1947] (
_fImp. Moderna)
300 _aXIX, 465 p. :
_bil. ;
_c25 cm.
852 _aES-MaACL
_jE-564
_bR.26754
999 _c24836
_d24836